Proceedings of the international symposium on fisheries in conjuntion to the 30th anniversary of school of marine science and technology of Tokai University

I tiakina i:
Ngā taipitopito rārangi puna kōrero
Ngā kaituhi matua: Nagai, Akira (Author), Hayasi, Sigeiti (Author), Sawamoto, Shozo (Author)
Hōputu: Pukapuka
Reo:Ingarihi
I whakaputaina: Tokio Tokai University 1994
Ngā marau:
Ngā Tūtohu: Tāpirihia he Tūtohu
Kāore He Tūtohu, Me noho koe te mea tuatahi ki te tūtohu i tēnei pūkete!

MARC

LEADER 00000nam a2200000 a 4500
001 UCU1330
003 CL-VaPUC
005 20230629103734.0
008 960404e19940000ja 1 eng d
082 0 4 |a 597  |b NAG  |2 21 
100 1 |a Nagai, Akira  |e author  |9 617614 
700 1 |a Hayasi, Sigeiti  |e author  |9 617615 
700 1 |a Sawamoto, Shozo  |e author  |9 617616 
245 1 0 |a Proceedings of the international symposium on fisheries in conjuntion to the 30th anniversary of school of marine science and technology of Tokai University 
260 |a Tokio  |b Tokai University  |c 1994 
300 |a 112 p 
583 |a last modification  |c 20190821 10:11:58  |k Rodrigo Vera 
650 0 7 |a PECES  |2 CL-VaPUC  |9 617617 
650 0 0 |a Ecología marina   |9 259946 
650 0 7 |a ESPECIES  |2 CL-VaPUC  |9 331928 
650 0 0 |a Algas marinas  |9 261775 
650 0 7 |a FITOPLANCTON MARINO  |2 CL-VaPUC  |9 261724 
650 0 0 |a Congresos  |9 257560 
942 |c BK 
945 |a rbrito  |d 19960404 00:00:00 
546 |a En Inglés 
536 |a Tokai University 
518 |p Proceedings of the international symposium on fisheries in conjunction to the 30th anniversary of school of marine science and technology of Tokai University, 1, Shimizu, 20 November 1992 
999 |c 382556  |d 382554 
952 |0 0  |1 0  |2 ddc  |4 0  |6 597_000000000000000_NAG_1994  |7 0  |8 CCM  |9 504317  |a BIBCUR  |b BIBCUR  |c PAC  |d 2020-01-23  |i 3189414  |o 597 NAG 1994  |p 3189414  |r 2025-04-22  |w 2020-01-23  |y BK  |k CIM